Statistics for River to Island

Click here to take the quiz!

General Stats

  • This quiz has been taken 25 times
  • The average score is 4 of 23

Answer Stats

RiverIsland% Correct
River ThamesGreat Britain
87%
River ShannonIreland
87%
River SevernGreat Britain
73%
Xiuguluan RiverTaiwan
53%
Ishikari RiverHokkaido
33%
Akuliarusiarsuup KuuaGreenland
27%
Odense RiverFunen
20%
Mahaweli RiverSri Lanka
13%
PedieosCyprus
7%
Anahulu RiverOahu
7%
Soper RiverBaffin
0%
Ayung RiverBali
0%
GravonaCorsica
0%
Jobabo RiverCuba
0%
Cauto RiverCuba
0%
OlfusaIceland
0%
Martha Brae RiverJamaica
0%
Betsiboka RiverMadagascar
0%
Agusan RiverMindanao
0%
Hillsborough RiverPrince Edward Island
0%
Ribeira de GarcaSanto Antao
0%
Tamar RiverTasmania
0%
Northern Laclo RiverTimor
0%

Score Distribution

Percentile by Number Answered

Percent of People with Each Score

Your Score History

You have not taken this quiz